[Event "Czech open A"]
[Site "?"]
[Date "2013.07.20"]
[Round "2.62"]
[White "Triapishko Olexandr"]
[Black "Rojicek Vojtech"]
[Result "0-1"]
[WhiteElo "2221"]
[BlackElo "2413"]
[PlyCount "44"]
[EventDate "2013.??.??"]
[TimeControl "6000+1685"]
[WhiteClock "0:05:13"]
[BlackClock "0:58:57"]

1. e4 c5 2. Nf3 e6 3. d4 cxd4 4. Nxd4 a6 5. Bd3 Bc5 6. Nb3 Ba7 7. Qe2 Nc6 8.
Nc3 d6 9. Be3 Nge7 10. O-O-O b5 11. f4 b4 12. Na4 Bd7 13. e5 Nd5 14. Bxa7 Nxa7
15. exd6 Bxa4 16. Nc5 Bc6 17. d7+ Bxd7 18. f5 O-O 19. fxe6 Bc6 20. exf7+ Rxf7
21. Ne6 Qf6 22. Be4 Nf4 0-1

[Event "Czech open A"]
[Site "?"]
[Date "2013.07.20"]
[Round "2.63"]
[White "Westerberg Jonathan"]
[Black "Tokranovs Dmitrijs"]
[Result "1-0"]
[WhiteElo "2410"]
[BlackElo "2190"]
[PlyCount "113"]
[EventDate "2013.??.??"]
[TimeControl "6000+1170"]
[WhiteClock "0:10:26"]
[BlackClock "0:15:18"]

1. e4 d5 2. exd5 Qxd5 3. Nc3 Qd6 4. d4 Nf6 5. Nf3 Bg4 6. h3 Bh5 7. Be3 e6 8. g4
Bg6 9. Ne5 Nc6 10. Nxc6 bxc6 11. Bg2 Nd5 12. Nxd5 cxd5 13. O-O h5 14. g5 Be7
15. c4 O-O 16. Rc1 Rab8 17. Qd2 dxc4 18. Rxc4 Qa6 19. b3 Bd6 20. Ra4 Qb5 21.
Rxa7 Bb4 22. Qb2 c5 23. a4 Qb6 24. Rd7 Rfd8 25. Rxd8+ Rxd8 26. dxc5 Bxc5 27.
Bxc5 Qxc5 28. Qc1 Qb6 29. Rd1 Rb8 30. Qc3 Qxb3 31. Qxb3 Rxb3 32. Ra1 Bd3 33. a5
Ba6 34. Bf1 Bxf1 35. Kxf1 Rxh3 36. Ke2 Rb3 37. a6 Rb8 38. a7 Ra8 39. Ke3 Kh7
40. Kd4 Kg6 41. Kc5 Kxg5 42. Kb6 Kf4 43. Kb7 Rxa7+ 44. Rxa7 g5 45. Kc6 Kf3 46.
Rxf7+ Kg2 47. Kd6 h4 48. Kxe6 h3 49. Kf5 Kxf2 50. Kg4+ Kg2 51. Rd7 h2 52. Rd2+
Kg1 53. Kg3 h1=N+ 54. Kf3 g4+ 55. Kxg4 Nf2+ 56. Kf3 Nh3 57. Kg3 1-0

[Event "Czech open A"]
[Site "?"]
[Date "2013.07.20"]
[Round "2.64"]
[White "Berthier Hugo"]
[Black "Karavade Eesha"]
[Result "0-1"]
[WhiteElo "2208"]
[BlackElo "2398"]
[Annotator "Doe,John"]
[PlyCount "132"]
[EventDate "2013.??.??"]
[TimeControl "6000+1020"]
[WhiteClock "0:05:04"]
[BlackClock "0:21:13"]

1. d4 Nf6 2. c4 e6 3. Nf3 d5 4. g3 Be7 5. Bg2 O-O 6. O-O dxc4 7. Qc2 a6 8. Qxc4
b5 9. Qc2 Bb7 10. Bd2 Bd6 11. Re1 Be4 12. Qb3 Bd5 13. Qd1 Bb7 14. Qc2 Be4 15.
Qb3 c5 16. dxc5 Bxc5 17. Be3 Nbd7 18. Nc3 Bc6 19. Bxc5 Nxc5 20. Qb4 Qb6 21.
Rac1 Rac8 22. Ng5 a5 23. Qf4 Bxg2 24. Kxg2 h6 25. Nge4 Ncxe4 26. Nxe4 Qb7 27.
f3 Nxe4 28. Qxe4 Qxe4 29. fxe4 Rfd8 30. Kf3 Rxc1 31. Rxc1 Rd2 32. Rb1 Kf8 33.
Ke3 Rc2 34. Kd3 Rc7 35. b3 Ke7 36. Rb2 Kf6 37. Kd4 Kg5 38. e5 Kg4 39. Ke4 Rc5
40. e3 f5+ 41. exf6 gxf6 42. Rf2 f5+ 43. Kd3 Rd5+ 44. Ke2 Kh3 45. Rf4 Kxh2 46.
Kf3 Rd2 47. e4 Rxa2 48. exf5 exf5 49. Rxf5 b4 50. Rh5+ Kg1 51. Rxh6 Ra3 52. Ra6
Rxb3+ 53. Kf4 Ra3 54. g4 b3 55. Ke4 Ra4+ 56. Kd3 Rb4 57. Re6 Rxg4 58. Kc3 a4
59. Re1+ Kf2 60. Ra1 Ke2 61. Kb2 Kd3 62. Ka3 Rg2 63. Rd1+ Rd2 64. Ra1 Kc3 65.
Rc1+ Rc2 66. Ra1 Kc4 0-1

[Event "Czech open A"]
[Site "?"]
[Date "2013.07.20"]
[Round "2.65"]
[White "Muhsen Abulla Mohmmed"]
[Black "Seger Ruediger"]
[Result "1/2-1/2"]
[WhiteElo "2203"]
[BlackElo "2393"]
[PlyCount "51"]
[EventDate "2013.??.??"]
[TimeControl "6000+2195"]
[WhiteClock "0:23:16"]
[BlackClock "0:13:06"]

1. c4 Nf6 2. Nc3 d5 3. cxd5 Nxd5 4. Nf3 g6 5. h4 h6 6. e4 Nxc3 7. bxc3 Bg7 8.
Rb1 c5 9. d4 b6 10. Bf4 Bg4 11. Qa4+ Bd7 12. Qa3 O-O 13. Be5 Bxe5 14. Nxe5 Nc6
15. Nxc6 Bxc6 16. d5 Bd7 17. Bc4 e6 18. Qc1 Kg7 19. Qf4 Qf6 20. Qg3 exd5 21.
Bxd5 Bc6 22. O-O Bxd5 23. exd5 Rfe8 24. Rfe1 Rxe1+ 25. Rxe1 Rd8 26. Rd1 1/2-1/2

[Event "Czech open A"]
[Site "?"]
[Date "2013.07.20"]
[Round "2.66"]
[White "Karasek Lukas"]
[Black "Kourousis Epaminondas"]
[Result "0-1"]
[WhiteElo "2203"]
[BlackElo "2391"]
[PlyCount "59"]
[EventDate "2013.??.??"]
[TimeControl "6000+2005"]
[WhiteClock "0:02:14"]
[BlackClock "0:07:21"]

1. d4 Nf6 2. c4 e6 3. Nf3 b6 4. g3 Bb7 5. Bg2 Be7 6. O-O O-O 7. Nc3 Ne4 8. Qc2
Nxc3 9. Qxc3 d6 10. Rd1 Bf6 11. Qc2 g6 12. e4 Nd7 13. Be3 Qe7 14. Rac1 c5 15.
d5 e5 16. Ne1 Bg5 17. f4 Bh6 18. Nd3 Rae8 19. Re1 exf4 20. gxf4 Nf6 21. Nf2 Nh5
22. Nd3 Bc8 23. Qf2 Nf6 24. Bd2 Ng4 25. Qg3 Bg7 26. h3 Bd4+ 27. Kh1 Nf6 28. Re2
b5 29. b3 Nh5 30. Qf3 0-1

[Event "Czech open A"]
[Site "?"]
[Date "2013.07.20"]
[Round "2.67"]
[White "Potapov Alexander"]
[Black "Bivol Alina"]
[Result "1/2-1/2"]
[WhiteElo "2389"]
[BlackElo "2207"]
[PlyCount "228"]
[EventDate "2013.??.??"]
[TimeControl "6000+1100"]
[WhiteClock "0:16:43"]
[BlackClock "0:17:24"]

1. d4 d5 2. c4 e5 3. e3 exd4 4. exd4 c6 5. Nc3 Nf6 6. Nf3 Be7 7. cxd5 Nxd5 8.
Bd3 O-O 9. h3 b6 10. Ne5 Bf6 11. O-O Bxe5 12. dxe5 Nxc3 13. bxc3 Ba6 14. Bxa6
Qxd1 15. Rxd1 Nxa6 16. Rd6 c5 17. Bg5 Rfe8 18. Re1 Nc7 19. Rd7 Nb5 20. Re3 Rac8
21. Rg3 Rxe5 22. Bh6 g6 23. Rf3 Rh5 24. Bd2 Rf5 25. Re3 Rf6 26. Ree7 Rd6 27. c4
Rxd7 28. Rxd7 Na3 29. Rxa7 Nxc4 30. Bc3 b5 31. Bf6 b4 32. Rd7 Na5 33. Rd5 b3
34. axb3 Nxb3 35. Kf1 c4 36. Bc3 Nc1 37. Ke1 Nd3+ 38. Kd2 Nxf2 39. Ke3 Nd3 40.
g4 Nc5 41. Bd4 Nb3 42. Bc3 Re8+ 43. Kf3 Rc8 44. Ke3 Nc1 45. Ra5 Re8+ 46. Kf3
Rd8 47. Bf6 Rc8 48. Bc3 Nb3 49. Ra7 Nc5 50. h4 Ne6 51. Ke4 h6 52. Ke5 Nc5 53.
Kd4 Nd3 54. Ra4 Nf4 55. Ra2 Ne6+ 56. Kd5 Nf4+ 57. Kd6 Ne6 58. Kd7 Rf8 59. Ra5
Rb8 60. Be5 Rb7+ 61. Kc6 Nd8+ 62. Kd6 f6 63. Ba1 Kf7 64. Ra4 Rb1 65. Ra7+ Rb7
66. Ra4 Ne6 67. Rxc4 Rb1 68. Ra4 Rb6+ 69. Kd5 Nc7+ 70. Ke4 Ra6 71. Rxa6 Nxa6
72. Bd4 Nb4 73. Be3 Kg7 74. Bd2 Nc6 75. Kd5 Ne5 76. g5 Nf7 77. gxf6+ Kxf6 78.
Ke4 Nd6+ 79. Kf4 Nf5 80. Bc3+ Ke6 81. Kg4 Ne3+ 82. Kf3 Nd5 83. Bd2 h5 84. Ke4
Nf6+ 85. Kf4 Nd5+ 86. Ke4 Ne7 87. Kf4 Nf5 88. Be1 Nd6 89. Kg5 Kf7 90. Kf4 Nc4
91. Bc3 Nb6 92. Ke5 Nd7+ 93. Kf4 Nc5 94. Ke5 Nd3+ 95. Ke4 Nf2+ 96. Kf3 Ng4 97.
Kf4 Nh6 98. Be1 Nf5 99. Bf2 Kf6 100. Be1 Kg7 101. Bc3+ Kh7 102. Be1 Kh6 103.
Bf2 Kg7 104. Be1 Kf6 105. Bc3+ Kf7 106. Be1 Nd4 107. Bf2 Ne6+ 108. Ke5 g5 109.
hxg5 Nxg5 110. Kf5 Nf3 111. Kf4 Kf6 112. Kxf3 h4 113. Bxh4+ Kg6 114. Bg5 Kxg5
1/2-1/2

[Event "Czech open A"]
[Site "?"]
[Date "2013.07.20"]
[Round "2.68"]
[White "Arngrimsson Dagur"]
[Black "Kassani Sam"]
[Result "1-0"]
[WhiteElo "2384"]
[BlackElo "2172"]
[PlyCount "127"]
[EventDate "2013.??.??"]
[TimeControl "6000+1700"]
[WhiteClock "0:06:52"]
[BlackClock "0:00:33"]

1. d4 d5 2. c4 c6 3. Nf3 Nf6 4. Nc3 dxc4 5. a4 Bf5 6. Ne5 Nbd7 7. Nxc4 Nb6 8.
Ne5 a5 9. Bg5 Nfd7 10. e4 Nxe5 11. exf5 Nec4 12. Qb3 Nd6 13. d5 g6 14. Rd1 Bg7
15. dxc6 bxc6 16. f6 Bxf6 17. Bxf6 exf6 18. Rxd6 Qxd6 19. Qxb6 O-O 20. Be2 Rfb8
21. Qe3 Rxb2 22. O-O Rab8 23. g4 R8b4 24. Rc1 Kg7 25. h3 R2b3 26. Bf1 Rd4 27.
Nb5 Rxe3 28. Nxd6 Re6 29. Nc4 Rd5 30. Nb2 Rd4 31. Nd3 Red6 32. Nc5 Rb4 33. Bg2
Kf8 34. Kh2 f5 35. Kg3 fxg4 36. hxg4 f5 37. Bf3 fxg4 38. Bxg4 h5 39. Bh3 Kf7
40. Re1 g5 41. Bd7 h4+ 42. Kg2 g4 43. Be6+ Kg6 44. Bb3 g3 45. Re2 gxf2 46. Rxf2
Rf6 47. Re2 Rg4+ 48. Kh3 Rg5 49. Bc2+ Kh5 50. Ne4 Rf3+ 51. Kh2 Rg7 52. Rd2 Rf4
53. Rd6 Rg6 54. Rd7 Re6 55. Rh7+ Rh6 56. Ra7 Re6 57. Rh7+ Rh6 58. Re7 Kg4 59.
Re5 Rf5 60. Re7 Kf4 61. Nf2 Rf8 62. Nh3+ Kg4 63. Re5 Rg8 64. Bd1# 1-0

[Event "Czech open A"]
[Site "?"]
[Date "2013.07.20"]
[Round "2.69"]
[White "Nemcova Katerina"]
[Black "Becker Matthias"]
[Result "1-0"]
[WhiteElo "2382"]
[BlackElo "2165"]
[PlyCount "89"]
[EventDate "2013.??.??"]
[TimeControl "6000+670"]
[WhiteClock "0:30:24"]
[BlackClock "0:29:12"]

1. e4 e6 2. d4 d5 3. Nd2 Nc6 4. Ngf3 Nf6 5. e5 Nd7 6. c3 f6 7. Bb5 fxe5 8. dxe5
Be7 9. O-O Nf8 10. Nb3 Ng6 11. Na5 Bd7 12. Bxc6 bxc6 13. Nd4 c5 14. Ndc6 Bxc6
15. Nxc6 Qd7 16. Nxe7 Qxe7 17. Qa4+ Qd7 18. Qa3 O-O 19. f4 Qb5 20. Be3 d4 21.
cxd4 cxd4 22. Bd2 c5 23. Rac1 c4 24. Qd6 Qd5 25. g3 a5 26. Rfd1 Qxd6 27. exd6
Rfc8 28. Re1 Nf8 29. Re4 Rab8 30. Rxd4 Rxb2 31. Bxa5 Ra8 32. Bc3 Re2 33. a4
Rxa4 34. d7 Nxd7 35. Rxd7 Raa2 36. Rxg7+ Kf8 37. Rxh7 Rg2+ 38. Kh1 Kg8 39. Rg7+
Kf8 40. Rh7 Kg8 41. Rh6 Kf7 42. Rb1 Ke7 43. Rb6 Kd7 44. Rh7+ Kc8 45. Rc6+ 1-0

[Event "Czech open A"]
[Site "?"]
[Date "2013.07.20"]
[Round "2.70"]
[White "Griffiths Ryan-Rhys"]
[Black "Nasshan Dennis"]
[Result "1-0"]
[WhiteElo "2372"]
[BlackElo "2155"]
[PlyCount "159"]
[EventDate "2013.??.??"]
[TimeControl "6000+955"]
[WhiteClock "0:12:37"]
[BlackClock "0:06:07"]

1. d4 Nf6 2. c4 g6 3. Nc3 d5 4. cxd5 Nxd5 5. Bd2 Nb6 6. Nf3 Bg7 7. Bf4 O-O 8.
Rc1 c6 9. e3 Bg4 10. Be2 N8d7 11. Bg5 Qe8 12. O-O h6 13. Bf4 e5 14. Nxe5 Bxe2
15. Qxe2 Nxe5 16. dxe5 g5 17. Bg3 Bxe5 18. Bxe5 Qxe5 19. f4 gxf4 20. Rxf4 f5
21. Rcf1 Nd7 22. R1f3 Rf6 23. Qc4+ Kh7 24. Ne4 fxe4 25. Rxf6 Nxf6 26. Qf7+ Kh8
27. Rxf6 Qg5 28. Rf4 Qc5 29. Qf6+ Kh7 30. Qf7+ Kh8 31. Qf6+ Kh7 32. Qd4 Qxd4
33. exd4 Kg6 34. Rxe4 Kf6 35. Kf2 Rd8 36. Rf4+ Kg6 37. Ke3 Rd5 38. Ke4 Ra5 39.
a3 Rb5 40. Rf2 Rh5 41. g3 Rb5 42. b4 Rd5 43. h4 Rd8 44. Kd3 Rd5 45. g4 Rd7 46.
Rf5 Re7 47. Re5 Rf7 48. Re6+ Kg7 49. Ke4 Rd7 50. a4 a6 51. h5 Rf7 52. Ke5 Rd7
53. Rg6+ Kh7 54. Rd6 Re7+ 55. Kf6 Rg7 56. Kf5 Re7 57. Re6 Rg7 58. Kf4 Rd7 59.
Ke3 Rg7 60. Kf3 Rf7+ 61. Ke3 Rg7 62. Re4 Kg8 63. Re8+ Kf7 64. Rh8 Rxg4 65. Rxh6
Rg7 66. a5 Ke7 67. Kd3 Kd7 68. Rg6 Rf7 69. h6 Rf3+ 70. Kc4 Rh3 71. Rg7+ Kd6 72.
h7 Rh1 73. Rxb7 Rc1+ 74. Kd3 Rh1 75. Ke4 Rh4+ 76. Kf5 Rh1 77. Kf6 Kd5 78. Kg7
Rg1+ 79. Kf8 Rh1 80. Kg8 1-0

[Event "Czech open A"]
[Site "?"]
[Date "2013.07.20"]
[Round "2.71"]
[White "Kratochvil Karel"]
[Black "Farkas Gabor"]
[Result "0-1"]
[WhiteElo "2195"]
[BlackElo "2359"]
[PlyCount "56"]
[EventDate "2013.??.??"]
[TimeControl "5400+985"]
[WhiteClock "0:31:11"]
[BlackClock "0:21:12"]

1. d4 Nf6 2. c4 g6 3. Nc3 d5 4. h4 c5 5. dxc5 d4 6. Nb5 Nc6 7. e3 e5 8. exd4
Nxd4 9. b4 a5 10. Bg5 Be7 11. Nf3 Bg4 12. Be2 Nxe2 13. Qxe2 O-O 14. Rd1 Nd7 15.
Qe4 Bxf3 16. gxf3 axb4 17. Qxb7 Bxg5 18. hxg5 Nxc5 19. Qc6 Nd3+ 20. Kf1 Rxa2
21. Qf6 Rxf2+ 22. Kg1 Qxf6 23. gxf6 Rxf3 24. Nc7 e4 25. Nd5 Nf2 26. Ne7+ Kh8
27. Rd7 Nxh1 28. c5 e3 0-1

[Event "Czech open A"]
[Site "?"]
[Date "2013.07.20"]
[Round "2.72"]
[White "Cerveny Martin"]
[Black "Kosata Jan"]
[Result "1-0"]
[WhiteElo "2357"]
[BlackElo "2139"]
[PlyCount "103"]
[EventDate "2013.??.??"]
[TimeControl "6000+1000"]
[WhiteClock "0:40:42"]
[BlackClock "0:20:19"]

1. d4 d5 2. c4 c6 3. e3 Bf5 4. Qb3 Qb6 5. cxd5 Qxb3 6. axb3 Bxb1 7. dxc6 Nxc6
8. Rxb1 e6 9. Nf3 Bd6 10. Bd2 Nge7 11. Bd3 O-O 12. Ke2 Nb4 13. Bxb4 Bxb4 14.
Rhc1 Nc6 15. Ng5 h6 16. Ne4 Na5 17. Nc5 Rac8 18. Be4 Bxc5 19. dxc5 Nxb3 20. Rc3
Na5 21. Ra1 Nc6 22. Bxc6 bxc6 23. Rxa7 Rb8 24. b3 Rfc8 25. Rd3 Rb5 26. Rdd7 Rf8
27. Rdc7 Rxc5 28. Rab7 Rc2+ 29. Kf3 g6 30. b4 Kg7 31. g4 Rc4 32. Rb6 h5 33. h3
hxg4+ 34. hxg4 Kf6 35. Rcxc6 Rc8 36. Rxc8 Rxc8 37. Rb5 g5 38. Rc5 Ra8 39. Ke4
Ra4 40. Rc4 Ra2 41. f3 Rd2 42. b5 Rb2 43. Rc5 Kg6 44. Ke5 Rb3 45. e4 Rxf3 46.
Kd6 Rd3+ 47. Kc7 f5 48. exf5+ exf5 49. Rc6+ Kh7 50. gxf5 Rd5 51. b6 Rxf5 52. b7
1-0

[Event "Czech open A"]
[Site "?"]
[Date "2013.07.20"]
[Round "2.73"]
[White "Kislik Erik Andrew"]
[Black "Stahnecker Ludwig"]
[Result "1-0"]
[WhiteElo "2345"]
[BlackElo "2117"]
[PlyCount "27"]
[EventDate "2013.??.??"]
[TimeControl "5400+480"]
[WhiteClock "1:22:16"]
[BlackClock "1:15:32"]

1. d4 d5 2. c4 e6 3. Nc3 c6 4. e4 dxe4 5. Nxe4 Bb4+ 6. Bd2 Qxd4 7. Bxb4 Qxe4+
8. Be2 Na6 9. Ba5 b6 10. Qd6 Ne7 11. Rd1 O-O 12. Qxe7 bxa5 13. Rd8 Qb1+ 14. Bd1
1-0

[Event "Czech open A"]
[Site "?"]
[Date "2013.07.20"]
[Round "2.74"]
[White "Hampel Felix"]
[Black "Tomazini Zan"]
[Result "0-1"]
[WhiteElo "2121"]
[BlackElo "2344"]
[Annotator "Doe,John"]
[PlyCount "132"]
[EventDate "2013.??.??"]
[TimeControl "6000+1155"]
[WhiteClock "0:25:12"]
[BlackClock "0:14:49"]

1. d4 Nf6 2. c4 Nc6 3. Nc3 e5 4. d5 Ne7 5. e4 Ng6 6. g3 Bc5 7. Bg2 a6 8. Nge2
d6 9. Qd3 O-O 10. Be3 Bxe3 11. Qxe3 Ng4 12. Qd2 f5 13. h3 Nf6 14. exf5 Bxf5 15.
O-O Qe7 16. Rae1 Rae8 17. f4 exf4 18. Nd4 Qd7 19. Rxe8 Rxe8 20. g4 Be4 21. Ne6
Bxg2 22. Qxg2 Rxe6 23. dxe6 Qxe6 24. Nd5 c6 25. Nxf4 Qxc4 26. Nxg6 hxg6 27. b3
Qe6 28. Rf4 Qe3+ 29. Qf2 Qxh3 30. g5 Nh7 31. Qd4 Qg3+ 32. Kf1 Qxg5 33. Qxd6 Nf6
34. Qe6+ Kh7 35. Qh3+ Nh5 36. Rf2 a5 37. Qd7 Ng3+ 38. Kg1 Nf5+ 39. Rg2 Qc1+ 40.
Kh2 Qf4+ 41. Kg1 Qe3+ 42. Kh2 Nh4 43. Rg3 Qf2+ 44. Kh3 Nf5 45. Rd3 Ne3 46. Rd2
Qf3+ 47. Kh2 Nf1+ 48. Kg1 Nxd2 49. Qxd2 Qd5 50. Qh2+ Qh5 51. Qc7 Qc5+ 52. Kg2
b6 53. Qh2+ Qh5 54. Qc7 Qe2+ 55. Kg1 Qe3+ 56. Kg2 g5 57. Qh2+ Kg6 58. Qd6+ Kf5
59. Qf8+ Ke4 60. Qxg7 Qf3+ 61. Kg1 g4 62. Qg6+ Kd4 63. Qc2 Qe3+ 64. Kh2 g3+ 65.
Kh3 g2+ 66. Kxg2 Qe4+ 0-1

[Event "Czech open A"]
[Site "?"]
[Date "2013.07.20"]
[Round "2.75"]
[White "Nagarajan Raghavi"]
[Black "Kireev Aleksei"]
[Result "0-1"]
[WhiteElo "2097"]
[BlackElo "2310"]
[PlyCount "126"]
[EventDate "2013.??.??"]
[TimeControl "6000+995"]
[WhiteClock "0:10:47"]
[BlackClock "1:04:34"]

1. e4 d6 2. d4 g6 3. Nc3 c6 4. Be3 e5 5. f4 Nd7 6. Nf3 Bg7 7. Bd3 Ngf6 8. h3
Qe7 9. O-O O-O 10. Qd2 b5 11. Rae1 a6 12. dxe5 dxe5 13. Qf2 exf4 14. Bxf4 Nh5
15. Bh2 Ne5 16. Nxe5 Bxe5 17. g4 Ng7 18. Bxe5 Qxe5 19. Qf4 f6 20. Qxe5 fxe5 21.
Rxf8+ Kxf8 22. a4 Ne6 23. a5 Ke7 24. Kf2 Bd7 25. Ke3 Rf8 26. Ne2 c5 27. b3 Nd4
28. Nxd4 exd4+ 29. Kd2 Rf2+ 30. Re2 Rf3 31. Rh2 Kd6 32. h4 Bxg4 33. Be2 Rf4 34.
Bxg4 Rxg4 35. h5 Rxe4 36. hxg6 hxg6 37. Rh8 Re6 38. c3 dxc3+ 39. Kxc3 b4+ 40.
Kc4 Re4+ 41. Kd3 Rd4+ 42. Ke3 Kc6 43. Rb8 Rd6 44. Ke4 Kc7 45. Rg8 Kc6 46. Rb8
Re6+ 47. Kd3 Kd5 48. Rf8 Rd6 49. Rb8 c4+ 50. Kc2 Kc5 51. Rc8+ Rc6 52. Re8 c3
53. Re5+ Kd4 54. Rg5 Re6 55. Rg4+ Re4 56. Rxg6 Re2+ 57. Kc1 Rb2 58. Rxa6 Rxb3
59. Rb6 Kc5 60. Rh6 Ra3 61. Rh5+ Kc4 62. Kb1 Kb3 63. Rc5 Ra2 0-1

[Event "Czech open A"]
[Site "?"]
[Date "2013.07.20"]
[Round "2.76"]
[White "Babula Vlastimil"]
[Black "Mareckova Martina"]
[Result "1-0"]
[WhiteElo "2583"]
[BlackElo "2105"]
[PlyCount "81"]
[EventDate "2013.??.??"]
[TimeControl "6000+1785"]
[WhiteClock "0:28:02"]
[BlackClock "0:30:58"]

1. d4 Nf6 2. c4 g6 3. Nc3 Bg7 4. e4 d6 5. Nf3 O-O 6. Be2 e5 7. O-O exd4 8. Nxd4
Nc6 9. Be3 Re8 10. f3 Nh5 11. Qd2 Nf4 12. Rfd1 Bxd4 13. Bxd4 Qg5 14. Bf1 Nxd4
15. Qxd4 Ne6 16. Qd2 Qxd2 17. Rxd2 f6 18. Kf2 Kf7 19. g3 a5 20. Nd5 b6 21. Bh3
Ra7 22. b3 Nc5 23. Bxc8 Rxc8 24. g4 Rb7 25. Nc3 Re8 26. h4 Rbb8 27. Nd5 c6 28.
Nc3 Red8 29. Rb1 Ne6 30. a3 Ke7 31. b4 axb4 32. axb4 Kd7 33. b5 c5 34. Nd5 Rf8
35. Ra1 Rb7 36. Ra6 Nd4 37. Nxb6+ Ke6 38. Nd5 f5 39. exf5+ gxf5 40. g5 f4 41.
Rd1 1-0

[Event "Czech open A"]
[Site "?"]
[Date "2013.07.20"]
[Round "2.77"]
[White "Valli Frans"]
[Black "Jansa Vlastimil"]
[Result "0-1"]
[WhiteElo "2237"]
[BlackElo "2442"]
[PlyCount "32"]
[EventDate "2013.??.??"]
[TimeControl "6000+1535"]
[WhiteClock "0:12:32"]
[BlackClock "1:06:09"]

1. Nf3 g6 2. c4 Bg7 3. e4 e5 4. d4 exd4 5. Nxd4 Nf6 6. Nc3 O-O 7. Be2 Re8 8. f3
c6 9. Bg5 h6 10. Bh4 d5 11. exd5 cxd5 12. Nxd5 g5 13. Nxf6+ Qxf6 14. Bf2 Nc6
15. Nb5 Qxb2 16. Rb1 Rxe2+ 0-1

[Event "Czech open A"]
[Site "?"]
[Date "2013.07.20"]
[Round "2.78"]
[White "Sipila Vilka"]
[Black "Kratochvil Josef"]
[Result "1-0"]
[WhiteElo "2423"]
[BlackElo "2238"]
[PlyCount "75"]
[EventDate "2013.??.??"]
[TimeControl "6000+1025"]
[WhiteClock "0:53:01"]
[BlackClock "0:07:34"]

1. Nf3 c5 2. c4 Nf6 3. g3 b6 4. Bg2 Bb7 5. O-O e6 6. Nc3 Be7 7. b3 O-O 8. Bb2
d6 9. d4 cxd4 10. Qxd4 a6 11. Rfd1 Nbd7 12. Rac1 Qb8 13. Ng5 Rd8 14. Nge4 Nc5
15. Qe3 Ncxe4 16. Nxe4 Nxe4 17. Bxe4 Bxe4 18. Qxe4 b5 19. Qg4 Bf8 20. Bf6 Rc8
21. c5 dxc5 22. Rd7 Ra7 23. Rcd1 Rxd7 24. Rxd7 Qb6 25. Qh5 g6 26. Qf3 e5 27.
Rxf7 Qc6 28. Bxe5 Qe6 29. Ra7 Re8 30. Bb2 b4 31. e3 Re7 32. Ra8 Rf7 33. Qe2 h5
34. Rxa6 Qf5 35. e4 Qg5 36. h4 Qh6 37. Qc4 Qd2 38. Rxg6+ 1-0

[Event "Czech open A"]
[Site "?"]
[Date "2013.07.20"]
[Round "2.79"]
[White "Goebel Constantin"]
[Black "Jorczik Julian Marcel"]
[Result "1/2-1/2"]
[WhiteElo "2235"]
[BlackElo "2422"]
[PlyCount "52"]
[EventDate "2013.??.??"]
[TimeControl "6000+1880"]
[WhiteClock "0:33:47"]
[BlackClock "0:05:52"]

1. e4 e6 2. d4 d5 3. Nc3 Nf6 4. Bg5 Bb4 5. e5 h6 6. Bd2 Bxc3 7. Bxc3 Ne4 8. Ne2
O-O 9. Bb4 c5 10. Ba3 b5 11. c3 Nc6 12. f3 b4 13. Bxb4 Qh4+ 14. g3 Nxg3 15.
hxg3 Qxh1 16. Bxc5 Rd8 17. Qd3 a5 18. O-O-O Ba6 19. Qe3 Qh2 20. f4 a4 21. Qf3
Rab8 22. f5 exf5 23. Rd2 Na5 24. Nf4 Qg1 25. Rd1 Bxf1 26. Rxf1 Qh2 1/2-1/2

[Event "Czech open A"]
[Site "?"]
[Date "2013.07.20"]
[Round "2.80"]
[White "Zwardon Vojtech"]
[Black "Dorst Johannes"]
[Result "0-1"]
[WhiteElo "2391"]
[BlackElo "2236"]
[PlyCount "56"]
[EventDate "2013.??.??"]
[TimeControl "6000+1175"]
[WhiteClock "0:53:34"]
[BlackClock "0:09:26"]

1. c4 c5 2. Nc3 Nc6 3. g3 g6 4. Bg2 Bg7 5. d3 e6 6. Bf4 d6 7. Qc1 h6 8. Nf3 g5
9. Bd2 Nge7 10. h4 g4 11. Nh2 h5 12. O-O Nf5 13. Rb1 Bd4 14. e3 Be5 15. Ne2
Nxh4 16. gxh4 Bxh2+ 17. Kxh2 Qxh4+ 18. Kg1 Ne5 19. Qc3 Rg8 20. Rfc1 Nf3+ 21.
Kf1 e5 22. b4 Qh2 23. bxc5 h4 24. cxd6 h3 25. Bxf3 gxf3 26. Ng3 f6 27. Ke1 Qh1+
28. Nf1 Qxf1+ 0-1

[Event "Czech open A"]
[Site "?"]
[Date "2013.07.20"]
[Round "2.81"]
[White "Kanovsky David"]
[Black "Grigoriev Evgeny"]
[Result "1-0"]
[WhiteElo "2389"]
[BlackElo "2235"]
[PlyCount "97"]
[EventDate "2013.??.??"]
[TimeControl "6000+1120"]
[WhiteClock "0:23:52"]
[BlackClock "0:11:01"]

1. e4 c5 2. Nf3 e6 3. d4 cxd4 4. Nxd4 Nf6 5. Nc3 Bb4 6. e5 Nd5 7. Bd2 Nxc3 8.
bxc3 Be7 9. Qg4 O-O 10. Bh6 g6 11. Bxf8 Bxf8 12. Bd3 d6 13. exd6 Bxd6 14. O-O
e5 15. Nf5 Nc6 16. Rad1 Qf6 17. Qh4 Qxh4 18. Nxh4 Be7 19. Nf3 Be6 20. a4 Rc8
21. Rfe1 f6 22. Be4 Kf7 23. Bd5 Bxd5 24. Rxd5 Ke6 25. Rb5 b6 26. g3 Rc7 27. Nd2
Na5 28. Ne4 Nc4 29. h4 f5 30. Ng5+ Bxg5 31. hxg5 e4 32. Rd1 Nd6 33. Rbd5 Nf7
34. a5 Nxg5 35. axb6 axb6 36. Rd6+ Ke7 37. Rxb6 Ne6 38. Rd5 Ng5 39. Ra5 Nf3+
40. Kg2 Kf7 41. c4 Nd2 42. Rba6 Nxc4 43. Ra7 Rxa7 44. Rxa7+ Ke6 45. Rxh7 g5 46.
Rg7 g4 47. Rc7 e3 48. Rxc4 e2 49. Rc3 1-0

[Event "Czech open A"]
[Site "?"]
[Date "2013.07.20"]
[Round "2.82"]
[White "Repkova Eva"]
[Black "Matsenko Andrei"]
[Result "1/2-1/2"]
[WhiteElo "2374"]
[BlackElo "2235"]
[PlyCount "62"]
[EventDate "2013.??.??"]
[TimeControl "6000+625"]
[WhiteClock "0:36:36"]
[BlackClock "0:31:12"]

1. e4 c6 2. d4 d5 3. exd5 cxd5 4. c4 Nf6 5. Nc3 e6 6. Nf3 Bb4 7. a3 Bxc3+ 8.
bxc3 O-O 9. Qc2 Qc7 10. Bg5 Nbd7 11. cxd5 exd5 12. Bd3 Ne4 13. O-O Nxg5 14.
Nxg5 h6 15. Nf3 Nb6 16. Ne5 Bd7 17. f4 Rac8 18. Rf3 Kh8 19. Rb1 Ba4 20. Qf2
Qxc3 21. f5 Qxa3 22. Bc4 Qd6 23. f6 dxc4 24. fxg7+ Kxg7 25. Rxf7+ Kh8 26. Rf1
Nd7 27. Qf5 Qxd4+ 28. Kh1 Rxf7 29. Ng6+ Kh7 30. Nf8+ Kh8 31. Ng6+ Kh7 1/2-1/2

[Event "Czech open A"]
[Site "?"]
[Date "2013.07.20"]
[Round "2.83"]
[White "Frischmann Rick"]
[Black "Savitskiy Sergey"]
[Result "0-1"]
[WhiteElo "2234"]
[BlackElo "2351"]
[PlyCount "136"]
[EventDate "2013.??.??"]
[TimeControl "6000+1660"]
[WhiteClock "0:00:44"]
[BlackClock "0:05:40"]

1. e4 c5 2. Nf3 d6 3. g3 Nc6 4. Bg2 Nf6 5. Qe2 Bg4 6. c3 h5 7. h3 Bxf3 8. Bxf3
h4 9. g4 e5 10. d3 Be7 11. Na3 Nh7 12. Nc4 Ng5 13. Ne3 Ne6 14. Nd5 Bg5 15. Be3
Ne7 16. Qd2 Ng6 17. O-O O-O 18. Bd1 Ngf4 19. Kh2 Nxd5 20. exd5 Nf4 21. d4 cxd4
22. cxd4 Qf6 23. Bb3 Rae8 24. Rac1 exd4 25. Qxd4 Re5 26. Qd1 Rfe8 27. Qf3 Re4
28. Rc4 Rxc4 29. Bxc4 a6 30. a4 Rc8 31. b3 Qe5 32. Bxf4 Bxf4+ 33. Kg2 Re8 34.
Rd1 g6 35. Qd3 Re7 36. Qd4 Qg5 37. Kf3 Be5 38. Qe3 Qf6+ 39. Kg2 Rc7 40. Qf3 Qg5
41. Re1 Rc5 42. Re3 b5 43. axb5 axb5 44. Be2 b4 45. Bc4 Ra5 46. Re2 Ra1 47. Qe3
Qf6 48. Re1 Bd4 49. Qe2 Ra8 50. Qf3 Qg5 51. Bb5 Kg7 52. Be8 Ra7 53. Re2 Bf6 54.
Qe3 Qxd5+ 55. Qf3 Qd1 56. Ba4 Rc7 57. Re8 Qc1 58. Qa8 Kh7 59. Qf3 Qa1 60. Bb5
Rc1 61. Qd5 Rg1+ 62. Kh2 Bg7 63. Bd3 Rd1 64. Qh5+ Bh6 65. Be4 Rh1+ 66. Kg2 Rd1
67. Kh2 Kg7 68. Bxg6 Bf4+ {Be4} 0-1

[Event "Czech open A"]
[Site "?"]
[Date "2013.07.20"]
[Round "2.85"]
[White "Wittmann Walter"]
[Black "Sarkozy Ladislav"]
[Result "1/2-1/2"]
[WhiteElo "2224"]
[BlackElo "2319"]
[PlyCount "38"]
[EventDate "2013.??.??"]
[TimeControl "6000+770"]
[WhiteClock "1:04:10"]
[BlackClock "1:00:59"]

1. e4 e5 2. Nf3 Nc6 3. Bb5 a6 4. Bxc6 dxc6 5. O-O f6 6. d4 Bg4 7. dxe5 Qxd1 8.
Rxd1 fxe5 9. Nbd2 O-O-O 10. Re1 Bd6 11. h3 Bh5 12. Nh4 Ne7 13. Nf5 Nxf5 14.
exf5 Rhe8 15. Ne4 Bf7 16. a3 Bd5 17. Bg5 Rd7 18. Rad1 b5 19. Rd3 Rf7 1/2-1/2